000 00960cam a2200253 a 4500
001 000012850
005 20200929163103.0
008 870820s1986 pr a b 000 0 spa
040 _aDO-SdBNP
_bspa
_cBNPHU
082 _a342.97295
_bM332a
100 1 _aMari Brás, Juan.
_d1963-
_929728
245 1 3 _aLa Asamblea Constituyente :
_bel destranque del tranque político puertorriqueño /
_cJuan Mari Brás.
260 _aSan Juan, (Puerto Rico) :
_bInformática Caribeña,
_c1986.
300 _a87 p. :
_bil. ;
_c23 cm.
500 _aIncluye datos biográficos del autor en la contracubierta.
504 _aIncluye referencias bibliográficas
504 _aIncluye notas al pie de las páginas.
651 4 _aPuerto Rico
_xHistoria Constitucional
_929729
651 4 _aPuerto Rico
_xHistoria
_91079
650 4 _aAsambleas constituyentes
_zPuerto Rico
_929730
650 4 _aFormas de gobierno
_92772
910 _aCatalogación por copia / LC
049 _aBNGR
999 _c12498
_d12498